Ładuje się......

Effective management for national growth

Opis bibliograficzny
Korporacja: Effective management for national growth
Format: Printed Book
Język:English
Wydane: New Delhi All India Management Association 1984
Hasła przedmiotowe:
LEADER 00573nam a22001577a 4500
005 20151215130248.0
008 100507t xxu||||| |||| 00| 0 eng d
082 |a 658.005  |b AIM 
110 |a Effective management for national growth  |9 19046 
245 |a Effective management for national growth 
300 |a 197p. 
653 |a Effective Management 
942 |c BK  |6 _ 
260 |a New Delhi  |b All India Management Association  |c 1984 
999 |c 114202  |d 114202 
952 |0 0  |1 0  |2 ddc  |4 0  |6 658005_AIM  |7 0  |9 147919  |a SMS  |b SMS  |c GEN  |d 2010-05-07  |g 0.00  |o 658.005 AIM  |p SMSPB0011  |r 2010-05-07  |w 2010-05-07  |y BK